| 000 | 00806nam a22002777a 4500 | ||
|---|---|---|---|
| 008 | 130608b xxu||||| |||| 00| 0 eng d | ||
| 020 | _a978-81-224-1982-5 | ||
| 024 | _cAvailable | ||
| 037 | _cAvailable | ||
| 040 |
_aMBSTU LIBRARY _dMBSTU LIBRARY |
||
| 082 |
_222 _a612.3 MUF |
||
| 100 | _aMudambi, S.R. | ||
| 110 | _aM.V.Rajagopal | ||
| 245 | _aFundamentals of foods, nutrition and diet therapy. | ||
| 250 | _a5th | ||
| 260 |
_aNew Delhi _bNew Age International Private Ltd. _c2007 |
||
| 300 |
_a24 cm. _bxii, 412 page _f10 _g24 cm. |
||
| 600 | _2Food- nutrition . | ||
| 650 | _2Food- nutrition . | ||
| 700 | _aMudambi, S.R. | ||
| 710 | _aM.V.Rajagopal | ||
| 270 |
_aNew Delhi _bNew Delhi _dIndia |
||
| 365 |
_b334.00 _d334.00 |
||
| 942 |
_2ddc _cBK |
||
| 999 |
_c438 _d438 |
||